000 00208 a2200097 4500
001 26429
100 _a
245 _afor ever young for ever healthy
260 _a
_bArco Publishing
_c
090 _c17765
_d17765
942 _aNUST-CAE
_cM
_c8630
999 _c261502
_d261502